The american political dictionary /
Uložené v:
| Hlavní autori: | , |
|---|---|
| Médium: | Kniha |
| Jazyk: | English |
| Vydané: |
Belmont :
Wadsworth/Thomson Learning,
c2002.
|
| Vydanie: | 11th ed. |
| Témy: | |
| ISBN: |
0155068679 (brož.) |
| Fyzický popis: |
viii, 759 s. ; 24 cm. |
| Tagy: |
Pridať tag
Žiadne tagy, Buďte prvý kto otaguje tento záznam!
|
Titul je dostupný aj v ... 

MARC
| LEADER | 00000nam a2200000 a 4500 | ||
|---|---|---|---|
| 001 | 000000293 | ||
| 005 | 20071228135407.0 | ||
| 008 | 040223s2002 xxu j engo | ||
| 020 | |a 0155068679 (brož.) | ||
| 040 | |a SVKKK |b slo |c SVKKK |e AACR2 | ||
| 041 | 0 | |a eng | |
| 044 | |a xxu |c US | ||
| 072 | 7 | |a 32 |x Politika |2 konspekt | |
| 080 | |a 32 |2 1997 | ||
| 080 | |a 328/329 |2 1997 | ||
| 080 | |a (73) |2 1997 | ||
| 080 | |a (031) |2 1997 | ||
| 100 | 1 | |a Plano, Jack C. |4 aut | |
| 245 | 1 | 4 | |a The american political dictionary / |c Jack C. Plano, Milton Greenberg. |
| 250 | |a 11th ed. | ||
| 260 | |a Belmont : |b Wadsworth/Thomson Learning, |c c2002. | ||
| 300 | |a viii, 759 s. ; |c 24 cm. | ||
| 504 | |a Obsahuje register | ||
| 650 | 0 | 7 | |a politika |z Spojené štáty americké |2 SVKKKPH |
| 651 | 7 | |a Spojené štáty americké |x politika a vláda |2 SVKKKPH | |
| 655 | 7 | |a výkladové slovníky |2 SVKKKPH | |
| 655 | 7 | |a encyklopédie |2 SVKKKPH | |
| 700 | 1 | |a Greenberg, Milton |4 aut | |
| 919 | |a 0-15-506867-9 | ||
| 998 | |a BK | ||
| 090 | |g SCKUS |k Americké centrum |a IV.190165 |j 959714 |i 2720020692 |s Voľný výber | ||